Resource and environmental management

Saved in:
Bibliographic Details
Other Authors: Mitchell, Bruce 1944- (Editor)
Format: Book
Language:English
Published: London : Longman, c1997
Subjects:
Tags: Add Tag
No Tags, Be the first to tag this record!

MARC

LEADER 00000nam a2200000 i 4500
001 1/16378
008 980731s1997 eng d
020 |a 0-582-23796-3 
035 |l 10020173 
040 |a GR-MY-UA  |b gre  |e aacr 
041 0 |a eng 
082 0 |a 333.7 
245 1 0 |a Resource and environmental management /  |c Mitchell Bruce 
260 |a London :   |b Longman,   |c c1997 
300 |a 298 p.  |b Fig., tables 
650 0 0 |a Environmental management. 
700 1 |a Mitchell, Bruce  |d 1944-  |4 edt 
852 |a INST  |b LESVOS  |e 19980731  |h 333.7 MIT  |p 005100018543  |q 005100018543  |t BK  |y 0 
901 |a BIBL1-1999-1 
909 |a Λ  |b 058627 
922 |a 1ΕΛΗ  |b 199807  |c ΚΠΣ/ΤΠ  |d ΠΑΠΑΣΩΤΗΡΙΟΥ 
950 |a 107-1998-05-21 
970 |z 2000/06/ΟΙΚΟΝΟΜΟΠΟΥΛΟΥ ΧΡΙΣΤΙΝΑ 
970 |a ΑΙΒΑΤΖΙΔΟΥ  |b ΕΛΕΝΗ  |z 2000/03/22